Sports Quiz

Random Sports or Baseball Quiz

MLB All-Star Hosts (Four or More) Quiz Stats

Quiz Updated Jul 15, 2016

Also try: MLB All-Star Hosts
Challenge
Share
Tweet
Embed
Score 0/10 Timer 03:00
0 Plays Today
Years Cities % Correct
1934, 1939, 1942, 1949, 1960, 1964, 1977, 2008, 2013New York
98.8%
1936, 1946, 1961, 1999Boston
91.1%
1933, 1947, 1950, 1962, 1983, 1990, 2003Chicago
90.9%
1940, 1948, 1957, 1966, 2009St. Louis
81.9%
1943, 1952, 1976, 1996Philadelphia
80.5%
1944, 1959, 1974, 1994, 2006Pittsburgh
77.9%
1935, 1954, 1963, 1981, 1997Cleveland
77.9%
1941, 1951, 1971, 2005Detroit
76.5%
1938, 1953, 1970, 1988, 2015Cincinnati
75.1%
1937, 1956, 1962, 1969Washington, D.C.
70.2%

You're not logged in!

Compare scores with friends on all Sporcle quizzes.
Join for Free
OR
Log In

You Might Also Like...

Show Comments

Extras

Top Quizzes Today


Score Distribution

Your Account Isn't Verified!

In order to create a playlist on Sporcle, you need to verify the email address you used during registration. Go to your Sporcle Settings to finish the process.

Report this User

Report this user for behavior that violates our Community Guidelines.

Details: